Movies Quiz

Random Movies or Century Quiz

159 Most Common Movie Title Words Quiz Stats

 Plays Quiz Updated Dec 6, 2017

Score 0/159 Timer 20:00
20 Plays Today
Count Word % Correct
3544The
98.6%
494a
97%
102I
92.8%
34An
84.8%
80You
78.3%
1036of
76.5%
433and
76.2%
426in
76.1%
256to
75.9%
21We
75.7%
166On
74.4%
82Me
74.1%
28Be
73.8%
125Love
72.9%
32Go
71%
48No
67.1%
79Is
66.5%
54Two
66.3%
32II
66.3%
272
66.3%
64One
65%
226Man
64.1%
67It
63.9%
148for
63.3%
60Three
63.1%
70Woman
60.6%
25Her
59.6%
62Day
56.3%
29When
55.2%
77Girl
54.2%
22Are
53.6%
28Boy
52.1%
39They
52%
144My
51.8%
40Who
51.5%
86With
49.1%
45Up
48.7%
128Night
48.2%
24Your
48.1%
36War
46.7%
56Black
46.1%
26Not
46.1%
42Red
45.8%
109at
45.4%
31Good
44.8%
60Men
44.8%
48Blue
44.3%
45White
44.1%
98From
43%
54Time
42.8%
21His
42.5%
21Too
42%
74Life
41.5%
Count Word % Correct
29Down
41.3%
44Out
41.2%
22Was
40.9%
56That
40.9%
25Green
40.8%
34Star
40.3%
45World
40.2%
34Bad
39.5%
88Big
39.4%
30Over
39.1%
48All
38.5%
23Sun
37.7%
22Live
37.7%
35Dr
37.1%
21Doctor
37.1%
24Under
37.1%
35This
36.7%
23Old
36.2%
33by
35.9%
40New
35.4%
26First
34.7%
41King
34.6%
41Death
34.3%
64Mr
33.3%
26Seven
32.9%
75Last
32.6%
49Dead
32.5%
68Little
32.3%
61House
32.2%
39Moon
32.1%
23Mrs
31.3%
70Story
30.9%
39Home
29.5%
27Son
29.5%
33Sea
29.4%
24Earth
29.1%
27Come
28.9%
40Back
28.6%
44Dark
28%
22Get
27.5%
32Never
26.8%
26Baby
26.7%
25It's
26.2%
54Great
25.9%
22Don't
25.9%
29Hell
25.8%
22Run
25.6%
33American
25.5%
54City
25.1%
33Kid
24.5%
49Way
24.1%
45Heart
24%
28Girls
23.1%
Count Word % Correct
36West
23.1%
28Gun
22.8%
24Heaven
22.8%
29Boys
22.5%
23Country
22.4%
30Lost
22.4%
49Street
21.8%
53Young
21.4%
70Lady
21.3%
36Road
21%
27People
20.8%
23Fire
20.5%
26Days
20.4%
39High
20%
30Town
19.7%
32River
19.2%
23Summer
18.4%
28Long
17.5%
21Only
17.4%
21Without
17.3%
25Devil
16.2%
48Murder
16.2%
24Again
16.1%
24Blood
16%
32Kiss
15.9%
27Goes
15%
22Angel
14.9%
22Song
14.7%
27Wife
14.6%
26Return
14.6%
21True
14.4%
23York
14.1%
25Meet
13.7%
46Wild
13.4%
22Ghost
13.1%
24Bride
12.6%
23Cry
12.5%
25Dawn
11%
39Secret
9.4%
28Island
9%
23Sweet
8.7%
24Midnight
8.2%
21Party
7.7%
26Adventures
7.7%
24Angels
7.4%
24Private
5.8%
21Affair
5.4%
21Johnny
5.4%
21Dangerous
5.2%
22Stranger
4.7%
23Charlie
4.7%
21Paradise
4.6%
23Broadway
4.5%

You're not logged in!

Compare scores with friends on all Sporcle quizzes.
OR
Log In

You Might Also Like...

Show Comments

Extras

Top Quizzes Today


Score Distribution

Your Account Isn't Verified!

In order to create a playlist on Sporcle, you need to verify the email address you used during registration. Go to your Sporcle Settings to finish the process.

Report this User

Report this user for behavior that violates our Community Guidelines.

Details: